000 00281nam a2200109Ia 4500
008 200302s9999 xx 000 0 und d
100 _aRobrt Riddell
245 _aSustainable Urban Planning Tipping the Balance
260 _bBlackwell Publishing
260 _c2004
300 _a335 P.,
999 _c5595
_d5595